Click the Correct Animal - Statistics

General Stats
  • This quiz has been taken 91 times
  • The average score is 13 of 24
Answer Stats
Hint Answer % Correct
Bald Eagle
69%
Rattlesnake
69%
Proboscis Monkey
68%
Baboon
64%
Great White Shark
63%
Monarch Butterfly
61%
Cheetah
59%
Python
59%
Whale Shark
59%
Harpy Eagle
58%
Leopard
56%
Impala
54%
Milk Snake
54%
Tiger Shark
54%
Jaguar
51%
Mandrill
47%
Sloth Bear
47%
Thomson's Gazelle
47%
Golden Eagle
44%
Sun Bear
44%
Spectacled Bear
42%
Comma Butterfly
39%
Red Admiral Butterfly
31%
Blackbuck
25%
No matching quizzes found
Score Distribution
Percent of People with Each Score
Percentile by Number Answered
Your Score History
You have not taken this quiz